| 000 | 01330nam a2200205 a 4500 | ||
|---|---|---|---|
| 008 | 161013s2013 ||||||||||||||||| || u | ||
| 020 | _a9780316219679 | ||
| 020 | _a0316219673 | ||
| 050 | _aPR 6108.I366 W65 | ||
| 100 | _aHiggins, Peter | ||
| 245 | 1 | 0 |
_aWolfhound century _cPeter Higgins |
| 260 |
_aNew York _bOrbit _c2013 |
||
| 300 | _a303 p. | ||
| 350 | _a25.99 | ||
| 520 | _aInvestigator Vissarion Lom has been summoned to the capital in order to catch a terrorist --- and ordered to report directly to the head of the secret police. A totalitarian state, worn down by an endless war, must be seen to crush home-grown insurgents with an iron fist. But Lom discovers Mirgorod to be more corrupted than he imagined: a murky world of secret police and revolutionaries, cabaret clubs and doomed artists. Lom has been chosen because he is an outsider, not involved in the struggle for power within the party. And because of the sliver of angel stone implanted in his head. | ||
| 650 | _aENGLISH LANGUAGE | ||
| 856 | _uhttp://www.loc.gov/catdir/enhancements/fy1409/2012951502-b.html | ||
| 856 | _uhttp://www.loc.gov/catdir/enhancements/fy1409/2012951502-d.html | ||
| 995 |
_aFICTION Collection _e746914 _FCBU-SCHOOL OF MEDICINE LIBRARY (Ndola) _I25.99 _jPR 6108.I366 W65 _M1 _UAVAILABLE _WOct 13, 2016 _y746914 _ZFiction Collection |
||
| 999 |
_c33009 _d33009 |
||